| 000 | 01338nam a2200397 i 4500 | ||
|---|---|---|---|
| 001 | 814 | ||
| 003 | KOSZ 005 | ||
| 005 | 20221116140009.0 | ||
| 008 | 001207s1979 pl |000 0 pol | ||
| 015 | _aPB 1979/9283 | ||
| 020 | _a8320800129 | ||
| 040 |
_aWA N _cWA N _dKOSZ 005/HR |
||
| 041 | 0 | _apol | |
| 046 | _k1979 | ||
| 080 | _a005.32 | ||
| 080 | _a519.3 | ||
| 100 | 1 |
_aKoźmiński, Andrzej Krzysztof _d(1941- ) _eAutor |
|
| 245 | 1 | 0 |
_aPewność i gra : _bwstęp do teorii zachowań organizacyjnych / _cAndrzej K. Koźmiński, Andrzej M. Zawiślak. |
| 260 |
_aWarszawa : _bPaństwowe Wydawnictwo Ekonomiczne, _c1979. |
||
| 300 |
_a146, [2] s. ; _c20 cm. |
||
| 336 |
_2rdacontent _aTekst _btxt |
||
| 337 |
_2rdamedia _aBez urządzenia pośredniczącego _bn |
||
| 338 |
_2rdacarrier _aWolumin _bnc |
||
| 380 | _aKsiążki | ||
| 388 | _a1901-2000 | ||
| 388 | _a1945-1989 | ||
| 650 | 4 | _aOrganizacja | |
| 650 | 4 | _aTeoria gier | |
| 650 | 4 | _aZachowanie organizacyjne | |
| 650 | 4 | _aZarządzanie | |
| 658 | _aZarządzanie i marketing | ||
| 700 | 1 |
_aZawiślak, Andrzej Marek _d(1937-2015) _eAutor |
|
| 710 | 2 |
_aPolskie Wydawnictwo Ekonomiczne _4pbl. |
|
| 856 |
_uhttp://koha.tu.koszalin.pl/cgi-bin/koha/opac-detail.pl?biblionumber=814 _yKatalog online BPK |
||
| 942 |
_2UKD _cKS |
||
| 999 |
_c814 _d814 |
||